Langues officielles de l'Union Européenne - Statistiques

Statistiques générales
  • Ce quiz a été pris 47 415 fois
  • Le résultat moyen est 17 sur 24
Statistiques - réponses
Pays Langue % Correct
Belgique, France, Luxembourg Français
100%
Irlande, Malte Anglais
97%
Espagne Espagnol
97%
Allemagne, Autriche, Belgique, Luxembourg Allemand
96%
Italie Italien
94%
Portugal Portugais
92%
Finlande, Suède Suédois
81%
Chypre, Grèce Grec
80%
Pologne Polonais
78%
Belgique, Pays Bas Néerlandais
77%
Roumanie Roumain
74%
Croatie Croate
72%
Danemark Danois
69%
Hongrie Hongrois
69%
Bulgarie Bulgare
62%
Estonie Estonien
62%
Slovaquie Slovaque
62%
Lettonie Letton
61%
République tchèque Tchèque
61%
Lituanie Lituanien
60%
Slovénie Slovène
55%
Finlande Finnois
46%
Irlande Irlandais
39%
Malte Maltais
30%
Aucun quiz correspondant
Distribution des résultats
% des personnes avec chaque résultat
Percentile par nombre de réponses
Votre historique - résultats
Vous n’avez pas pris ce quiz